Score 0/21 Timer 03:00
3 Plays Today
Phrase President % Correct
Marilyn _____Monroe
94.1%
_____ Square GardenMadison
91.6%
_____ DamHoover
82.3%
Booker T. _____Washington
82.2%
_____ LogsLincoln
82.1%
The burning _____Bush
81.1%
_____ IndiansCleveland
79.8%
God, _____ me the serenity to accept the things I cannot change...Grant
78%
_____ AirplaneJefferson
75.9%
Ansel _____Adams
75%
_____ CapoteTruman
74.9%
Phrase President % Correct
Sir _____ Conan DoyleArthur
72.4%
Francis _____ CoppolaFord
71.9%
Tim 'The Tool Man' _____Taylor
71.3%
_____ the VolleyballWilson
66.8%
June _____ CashCarter
63.3%
'I'm sorry Ms. _____, I am for real.'Jackson
57.6%
Hawkeye _____Pierce
48.7%
_____ DurdenTyler
48.3%
_____: A Tale of Two KittiesGarfield
36.7%
Abigail _____Van Buren
28.2%

Today's Daily Dose

Remove Ads.
Support Sporcle.
Get the best of Sporcle when you Go Orange. This ad-free experience offers more features, more stats, and more fun while also helping to support Sporcle. Thank you for becoming a member.

You're not logged in!

Compare scores with friends on all Sporcle quizzes.
OR
Log In

Show Comments

Extras

Top Quizzes Today


Score Distribution

Your Account Isn't Verified!

In order to create a playlist on Sporcle, you need to verify the email address you used during registration. Go to your Sporcle Settings to finish the process.

Report this User

Report this user for behavior that violates our Community Guidelines.

Details: